000 00502nam a2200169Ia 4500
008 090711s9999 xx 000 0 und d
082 _b58915
100 _aबर्वे राजेंद्र
245 _aSौतन्य लहरी
260 _c1986
300 _a54
600 _aबर्वे राजेंद्र
630 _aSौतन्य लहरी
700 _aबर्वे राजेंद्र
730 _aSौतन्य लहरी
942 _cBOOK
999 _c281844
_d281844